| 000 -LEADER |
| fixed length control field |
00643nam a22002177a 4500 |
| 008 - FIXED-LENGTH DATA ELEMENTS--GENERAL INFORMATION |
| fixed length control field |
150617b xxu||||| |||| 00| 0 eng d |
| 020 ## - INTERNATIONAL STANDARD BOOK NUMBER |
| International Standard Book Number |
9789814307024 |
| 020 ## - INTERNATIONAL STANDARD BOOK NUMBER |
| International Standard Book Number |
9814307025 |
| 041 0# - LANGUAGE CODE |
| Language code of text/sound track or separate title |
eng |
| 080 ## - UNIVERSAL DECIMAL CLASSIFICATION NUMBER |
| Universal Decimal Classification number |
330 |
| 100 1# - Rafti |
| Rafti |
Thompson, Henry. |
| 245 10 - TITLE STATEMENT |
| Title |
International economics : |
| Statement of responsibility, etc |
Henry Thompson. |
| 250 ## - |
| -- |
3rd ed. |
| 260 ## - |
| -- |
Hackensack, NJ : |
| -- |
World Scientific Pub., |
| -- |
2011. |
| 300 ## - |
| -- |
437 f.: |
| -- |
me il.; |
| -- |
26 cm. |
| 500 ## - |
| -- |
Preface for Students: f. v |
| 500 ## - |
| -- |
Preface for Instructors: f. vii |
| 650 #0 - |
| -- |
Tregëtia ndërkombëtare |
| 650 #0 - |
| -- |
Globalizimi |
| 942 ## - ADDED ENTRY ELEMENTS (KOHA) |
| Source of classification or shelving scheme |
|
| Item type |
Books |